<?xml version="1.0" encoding="UTF-8"?>
<record
    xmlns:xsi="http://www.w3.org/2001/XMLSchema-instance"
    xsi:schemaLocation="http://www.loc.gov/MARC21/slim http://www.loc.gov/standards/marcxml/schema/MARC21slim.xsd"
    xmlns="http://www.loc.gov/MARC21/slim">

  <leader>     nam a22        4500</leader>
  <datafield tag="999" ind1=" " ind2=" ">
    <subfield code="c">87599</subfield>
    <subfield code="d">87388</subfield>
  </datafield>
  <controlfield tag="005">20230824094119.0</controlfield>
  <controlfield tag="008">230824b        xxu||||| |||| 00| 0 eng 0</controlfield>
  <datafield tag="020" ind1=" " ind2=" ">
    <subfield code="a">\a 97851381907</subfield>
  </datafield>
  <datafield tag="040" ind1=" " ind2=" ">
    <subfield code="a">\a NG-ZaABU</subfield>
    <subfield code="c">\c NG-ZaABU</subfield>
  </datafield>
  <datafield tag="050" ind1=" " ind2=" ">
    <subfield code="a">\a 21</subfield>
    <subfield code="b">\b 513995</subfield>
  </datafield>
  <datafield tag="100" ind1=" " ind2=" ">
    <subfield code="9">7342</subfield>
    <subfield code="a">a Mahajan, Sneh</subfield>
  </datafield>
  <datafield tag="245" ind1=" " ind2=" ">
    <subfield code="a">\a Issues in Twentieth-Century World History</subfield>
    <subfield code="c">\c by Sneh Mahajan</subfield>
    <subfield code="h">\h (Text)</subfield>
  </datafield>
  <datafield tag="260" ind1=" " ind2=" ">
    <subfield code="a">\a Bengaluru:</subfield>
    <subfield code="b">\b Trinity</subfield>
    <subfield code="c">\c 2010</subfield>
  </datafield>
  <datafield tag="300" ind1=" " ind2=" ">
    <subfield code="a">\a xviii, 365p.</subfield>
    <subfield code="b">\b ill.</subfield>
  </datafield>
  <datafield tag="502" ind1=" " ind2=" ">
    <subfield code="a">Includes Index</subfield>
  </datafield>
  <datafield tag="504" ind1=" " ind2=" ">
    <subfield code="a">Include Bibliographical References</subfield>
  </datafield>
  <datafield tag="852" ind1=" " ind2=" ">
    <subfield code="a">\a KIL</subfield>
    <subfield code="c">\c Reserve Unit</subfield>
    <subfield code="p">\p 513995</subfield>
  </datafield>
  <datafield tag="942" ind1=" " ind2=" ">
    <subfield code="2">lcc</subfield>
    <subfield code="c">BK</subfield>
    <subfield code="h">\h 21</subfield>
    <subfield code="k">\k D</subfield>
    <subfield code="m">\m Mah</subfield>
  </datafield>
  <datafield tag="952" ind1=" " ind2=" ">
    <subfield code="0">0</subfield>
    <subfield code="1">0</subfield>
    <subfield code="2">lcc</subfield>
    <subfield code="4">0</subfield>
    <subfield code="7">0</subfield>
    <subfield code="a">KIL</subfield>
    <subfield code="b">KIL</subfield>
    <subfield code="c">RES</subfield>
    <subfield code="d">2023-08-24</subfield>
    <subfield code="l">0</subfield>
    <subfield code="o">\o D 21 Med</subfield>
    <subfield code="p">\p 30005107833363</subfield>
    <subfield code="r">2023-08-24 00:00:00</subfield>
    <subfield code="t">\t 513995</subfield>
    <subfield code="w">2023-08-24</subfield>
    <subfield code="y">BK</subfield>
  </datafield>
</record>
